000 01115nam a22003497a 4500
003 CHAP
005 20220817040804.0
008 971013s1971 r 00010 d
010 _a356
011 _a1328
035 _a504
040 _cCHAP
082 _a338.9
_bA58
110 _aAmerican Society of Agronomy. Madison, Wis.
_95293
245 _aAgronomy in a changing world and research needs for the seventies
260 _aMadison :
_bThe Society,
_c1971
300 _a65 p.
490 _aASA special publication
_v; 19
500 _a36-65
590 _aBATCH-UPD
_b10
_c20130110
_lUCH01
_h1902
590 _aBATCH-UPD
_b10
_c20130410
_lUCH01
_h1229
590 _aBATCH-UPD
_b10
_c20130914
_lUCH01
_h0501
590 _aBATCH-UPD
_b10
_c20140805
_lUCH01
_h1142
590 _aCONVERSION
_b10
_c20130109
_lUCH01
_h1302
650 1 4 _aAgricultura
_xInvestigación.
_91577
650 1 4 _aPolítica agrícola.
_990283
650 1 4 _aPolítica alimentaria.
_990389
830 0 _aASA special publication
_v; 19
901 _aBK
942 _cLIBRO
949 _a338.9 A58
_bBC
_cLIBRO
_d33724000156394
_eLIBRO
_h76747
_i504
_mD
_si
999 _c356
_d356